000
00250nam a22001097a 4500
008
170125b xxu||||| |||| 00| 0 eng d
020
_a
9780397547289
041
_a
eng
080
_a
61
245
_a
CHILD HEALTH CARE
_c
CASTIGLIA, P.TH
942
_2
udc
_c
BK
999
_c
3663
_d
3663